000 00641nam a2200241Ia 4500
003 OSt
005 20221007071532.0
006 a|||||r|||| 00| 0
007 ta
008 221006b |||||||| |||| 00| 0 eng d
024 _a24,562
037 _cTextual
040 _aFLL
_cFLL
_beng
041 _2eng
_aeng
082 _aZ3vG5, F2
100 _aPollock Sir Frederick
_9501353
245 0 _aHistory of english law
250 _a2nd
260 _aLondon
_bCambridge University Press England
_c1898
300 _axv,1-691p
_ccm.
942 _hZ3vG5, F2
_cTEXL
_2CC
999 _c1143613
_d1143613